000
00261nam a2200109Ia 4500
008
230907s9999||||xx |||||||||||||| ||und||
082
_a
6.76
_b
DEI
245
0
_a
Android how to program /
260
_a
Pearson,
_b
England :
_c
2015
300
_a
728 p.
942
_c
BK
999
_c
600407
_d
600407